000 00580nam a2200241Ia 4500
005 20260306150152.0
008 008 260114s9999 xx 000 0 eng d
020 _a9789027269560
037 _aEbook
040 _aCRL
040 _beng
040 _cCRL
041 _2eng
041 _aeng
084 _qCRL
245 0 _aHandbook of Terminology
260 _bJohn Benjamins Publishing Company
260 _c2015
650 _aLinguistics and Semiotics
856 _uhttps://www.degruyter.com/isbn/9789027269560
942 _cEBOOK
999 _c1694387
_d1694387